书目信息 |
| 题名: |
突发事件应急管理
|
|
| 作者: | 计雷 编著 | |
| 分册: | ||
| 出版信息: | 北京 高等教育出版社 2006 |
|
| 页数: | 197页 | |
| 开本: | 24cm | |
| 丛书名: | ||
| 单 册: | ||
| 中图分类: | X4 | |
| 科图分类: | ||
| 主题词: | 紧急事件--处理--研究生--教材 , 紧急事件 | |
| 电子资源: | ||
| ISBN: | 978-7-04-018746-5 | |
| 000 | 01110nam0 2200277 45 | |
| 001 | 1029970445 | |
| 005 | 20100429095641.81 | |
| 010 | @a978-7-04-018746-5@dCNY25.00 | |
| 100 | @a20100420e20092006em y0chiy50 ea | |
| 101 | 0 | @achi |
| 102 | @aCN@b110000 | |
| 105 | @ay z 000yy | |
| 106 | @ar | |
| 200 | 1 | @a突发事件应急管理@ATu Fa Shi Jian Ying Ji Guan Li@dEmergency management @f计雷[等]编著@FJi Lei [ Deng ] Bian Zhu@zeng |
| 210 | @a北京@c高等教育出版社@d2006@h2009 | |
| 215 | @a197页@d24cm | |
| 300 | @a中国科学院研究生院教材 | |
| 304 | @a著者还有:池宏、陈安、陈建明、赵红、王亚慧、李建平 | |
| 330 | @a本书重点讨论突发事件的基本概念与发生机理,以及应急管理体系构建与应急处置的相关问题。主要内容包括:突发事件的机理;应急管理的机制与体系框架;突发事件的分类分级方法;应急管理的动态博弈网络技术;预案管理;应急管理信息系统的设计与开发以及突发事件应急管理案分析等。 | |
| 510 | 1 | @aEmergency management@zeng |
| 606 | 0 | @a紧急事件@x处理@x研究生@j教材 |
| 606 | 0 | @a紧急事件 |
| 690 | @aX4@v4 | |
| 701 | 0 | @a计雷@AJi Lei@4编著 |
| 801 | 0 | @aCN@bTANGWEI@c20100429 |
| 905 | @b0595065-69@dX4@e101@f5 | |
| 突发事件应急管理=Emergency management /计雷[等]编著.-北京:高等教育出版社,2006(2009) |
| 197页;24cm |
| 中国科学院研究生院教材 |
| ISBN 978-7-04-018746-5:CNY25.00 |
| 本书重点讨论突发事件的基本概念与发生机理,以及应急管理体系构建与应急处置的相关问题。主要内容包括:突发事件的机理;应急管理的机制与体系框架;突发事件的分类分级方法;应急管理的动态博弈网络技术;预案管理;应急管理信息系统的设计与开发以及突发事件应急管理案分析等。 |
| ● |
| 相关链接 |
|
|
|
|
正题名:突发事件应急管理
索取号:X4/101
 
预约/预借
| 序号 | 登录号 | 条形码 | 馆藏地/架位号 | 状态 | 备注 |
| 1 | 0595065 | 205950657 | 第二样本阅览室/ [索取号:X4/101] | 在馆 | |
| 2 | 0595066 | 205950666 | 第三借阅区/ [索取号:X4/101] | 在馆 | |
| 3 | 0595067 | 205950675 | 第三借阅区/ [索取号:X4/101] | 在馆 | |
| 4 | 0595068 | 205950684 | 第三借阅区/ [索取号:X4/101] | 在馆 | |
| 5 | 0595069 | 205950693 | 第三借阅区/ [索取号:X4/101] | 在馆 |